Biología 2 : anatomía y fisiología animal /

Guardado en:
Autor Principal: Audesirk, Teresa
Otros Autores: Audesirk, Gerald
Formato: Libro
Publicado: México : Prentice Hall Hispanoamericana, 1997
Edición:4a. ed.
Materias:
Etiquetas: Agregar Etiqueta
Sin Etiquetas, Sea el primero en etiquetar este registro!
LEADER 01020nam a22002295a 4500
001 CEM.cems010636
005 20080506124131.0
008 130507s1997##################000#0#####d
003 CEMS
020 |a 9701700643 
082 0 4 |a 574 
100 1 |a Audesirk, Teresa 
245 1 0 |a Biología 2 :  |b anatomía y fisiología animal /  |c Teresa Audesirk, Gerald Audesirk 
250 |a 4a. ed. 
260 |a México :  |b Prentice Hall Hispanoamericana,  |c 1997 
300 |a 261 p. 
500 |a Para nivel polimodal 
505 0 |a Anatomía y fisiología animal -- Homeostasis y organización del cuerpo animal -- Circulación -- Respiración -- Nutrición y digestión -- El sistema urinario y la homeostasis -- Defensas contra la enfermedad: la respuesta inmune -- Control químico del organismo animal: sistema endocrino -- Procesamiento de información: el sistema nervioso 
653 |a Biología 
653 |a Biología-polimodal 
700 1 |a Audesirk, Gerald 
859 |a CEMS  |b BIB. CEMS - 11 de abril  |h 574  |i Au23a4  |p 21234.01  |t Ej.1  |v II  |3 II